Normal view
MARC view
- الطعاني ، احمد /انور البطيخي
Entry Personal Name
001 - CONTROL NUMBER
- control field: 31772
003 - CONTROL NUMBER IDENTIFIER
- control field: JO-AjAnu
005 - DATE AND TIME OF LATEST TRANSACTION
- control field: 20230606075339.0
008 - FIXED-LENGTH DATA ELEMENTS
- fixed length control field: 230606|| aca||aabn | a|a d
040 ## - CATALOGING SOURCE
- Original cataloging agency: JO-AjAnu
- Transcribing agency: JO-AjAnu
100 ## - HEADING--PERSONAL NAME
- Personal name: الطعاني ، احمد /انور البطيخي
670 ## - SOURCE DATA FOUND
- Source citation: Work cat.: (JO-AjAnu)16314: الطعاني ، احمد /انور البطيخي , author, تكنولوجيا المعلومات :وقائع المؤتمر الرابع للبحث العلمي في الاردن (الاوراق العلمية المحكمة )